000 01332nam a2200361 i 4500
001 ELB121790
003 FINmELB
005 20250326043802.0
006 m o u
007 cr cn|||||||||
008 211229s2011 cu ob 000 0 spa d
020 _z9781921235320
035 _a(OCoLC)1298602539
040 _aFINmELB
_bspa
_erda
_cFINmELB
050 1 4 _aHX158.5
_bG939 2011
080 _a321(729.1)
082 0 4 _a335.4347
_223
100 1 _aGuevara, Ernesto Che,
_eautor.
245 1 3 _aEl socialismo y el hombre en Cuba /
_cErnesto Che Guevara.
264 1 _aLa Habana :
_bOcean Sur :
_bCentro de Estudios Che Guevara,
_c2011.
300 _a1 recurso en línea (41 páginas)
336 _atexto
_btxt
_2rdacontent/spa
337 _acomputadora
_bc
_2rdamedia/spa
338 _arecurso en línea
_bcr
_2rdacarrier/spa
504 _aContiene bibliografía.
588 _aDescripción basada en metadatos suministrados por el editor y otras fuentes.
590 _aRecurso electrónico. Santa Fe, Arg.: elibro, 2021. Disponible vía World Wide Web. El acceso puede estar limitado para las bibliotecas afiliadas a elibro.
650 0 _aSocialism
_zCuba.
650 4 _aSocialismo
_zCuba.
655 4 _aLibros electrónicos.
797 2 _aelibro, Corp.
856 4 0 _uhttps://elibro.net/ereader/usam/121790
999 _c152762
_d152762